000 00299nam a22001337a 4500
008 170522b xxu||||| |||| 00| 0 eng d
020 _a0691028338
041 _aeng
080 _a94(4)
100 _a16
101 _aSHH
245 _aGENDER & POWER IN RURAL GREECE
_cDUBISCH ,J
942 _2udc
_cBK
999 _c13803
_d13803